[Event "Benidorm 2012 - Nuevas Generaciones s12"]
[Site "Benidorm ESP"]
[Date "2012.12.07"]
[Round "5.9"]
[White "Sanchez Serrano, Emilio"]
[Black "Laosa Ruano, Miguel"]
[Result "1-0"]
[WhiteElo "1611"]
[BlackElo "1509"]
[PlyCount "58"]
[EventDate "2012.12.05"]
[EventType "swiss"]
[EventRounds "7"]
[EventCountry "ESP"]
[Source "lmi"]
[SourceDate "2012.12.05"]

1. d4 d5 2. c4 e6 3. Nf3 Nf6 4. Nc3 c6 5. e3 Nbd7 6. Bd3 Qc7 7. cxd5 exd5 8.
O-O Bd6 9. Bd2 O-O 10. Rc1 Re8 11. a3 Nf8 12. Nb5 Qb8 13. Nxd6 Qxd6 14. Bb4 Qb8
15. Ne5 N8d7 16. f4 h6 17. Rc2 a6 18. h3 Qc7 19. Qf3 Qd8 20. g4 a5 21. Be1 Nh7
22. Nxf7 Kxf7 23. Bxh7 Qe7 24. Rc3 Rf8 25. g5 hxg5 26. fxg5+ Ke8 27. Qh5+ Kd8
28. Rxf8+ Nxf8 29. Bh4 Qe4 1-0

[Event "Benidorm 2012 - Nuevas Generaciones s12"]
[Site "Benidorm ESP"]
[Date "2012.12.07"]
[Round "5.10"]
[White "Martinez Fernandez, Adrian"]
[Black "Guerrero Mendez, Jesus"]
[Result "1-0"]
[WhiteElo "1588"]
[BlackElo "1431"]
[PlyCount "63"]
[EventDate "2012.12.05"]
[EventType "swiss"]
[EventRounds "7"]
[EventCountry "ESP"]
[Source "lmi"]
[SourceDate "2012.12.05"]

1. e4 e5 2. Nf3 d6 3. d4 Nf6 4. Nc3 Nbd7 5. Be2 Be7 6. O-O O-O 7. Re1 c6 8. h3
h6 9. Be3 Re8 10. Qd2 Bf8 11. Rad1 exd4 12. Qxd4 Nc5 13. e5 Ne6 14. Qa4 b5 15.
Nxb5 Nd5 16. Nxd6 Bxd6 17. exd6 Qxd6 18. c4 Bb7 19. cxd5 cxd5 20. Nd4 Nc5 21.
Qb4 Rac8 22. Nf5 Qc6 23. Bxc5 a5 24. Qb6 Qxc5 25. Qxb7 Rb8 26. Qxd5 Qc2 27. Qd2
Qxf5 28. Bg4 Rxe1+ 29. Rxe1 Qf6 30. Qxa5 Rxb2 31. Qf5 Rxa2 32. Re8# 1-0

[Event "Benidorm 2012 - Nuevas Generaciones s12"]
[Site "Benidorm ESP"]
[Date "2012.12.08"]
[Round "6.1"]
[White "Perez Garcia, Alejandro"]
[Black "Soto Martin, Pablo"]
[Result "1-0"]
[WhiteElo "1927"]
[BlackElo "1698"]
[PlyCount "127"]
[EventDate "2012.12.05"]
[EventType "swiss"]
[EventRounds "7"]
[EventCountry "ESP"]
[Source "lmi"]
[SourceDate "2012.12.05"]

1. Nf3 Nf6 2. c4 d6 3. Nc3 g6 4. g3 Bg7 5. Bg2 O-O 6. O-O e5 7. d3 Nc6 8. Rb1
a5 9. a3 h6 10. b4 axb4 11. axb4 Be6 12. b5 Ne7 13. Qb3 Qd7 14. Ba3 Rac8 15.
Qb4 b6 16. Nxe5 Qd8 17. Nf3 Nh7 18. Rbd1 f5 19. e4 f4 20. Nd5 g5 21. Bb2 Qe8
22. Bxg7 Kxg7 23. Qc3+ Kg8 24. Nxe7+ Qxe7 25. e5 Bg4 26. exd6 Qxd6 27. h3 Bh5
28. g4 Bg6 29. Ne5 Rfe8 30. Bd5+ Kf8 31. Nxg6+ Qxg6 32. Rfe1 Nf6 33. Qb4+ Kg7
34. Re7+ Rxe7 35. Qxe7+ Kh8 36. Bf7 Qg7 37. Re1 Rf8 38. Bg6 Ra8 39. Bf5 Qxe7
40. Rxe7 Ra7 41. Rf7 Ne8 42. Rf8+ Kg7 43. Rxe8 Ra1+ 44. Kg2 h5 45. Re7+ Kf6 46.
Rxc7 Re1 47. Rc6+ Ke5 48. Re6+ Kd4 49. Rxe1 h4 50. Re6 Kc5 51. Rc6+ Kb4 52. d4
Ka5 53. d5 Kb4 54. d6 Kc3 55. d7 Kb4 56. d8=Q f3+ 57. Kxf3 Ka3 58. Ke4 Ka4 59.
Kd3 Kb4 60. Qd4 Kb3 61. Qa1 Kb4 62. Qb2+ Ka4 63. Kc3 Ka5 64. Qa2# 1-0

[Event "Benidorm 2012 - Nuevas Generaciones s12"]
[Site "Benidorm ESP"]
[Date "2012.12.08"]
[Round "6.2"]
[White "Aledo Yanguas, Javier"]
[Black "Orantes Taboada, Francisco"]
[Result "0-1"]
[WhiteElo "1653"]
[BlackElo "1727"]
[PlyCount "108"]
[EventDate "2012.12.05"]
[EventType "swiss"]
[EventRounds "7"]
[EventCountry "ESP"]
[Source "lmi"]
[SourceDate "2012.12.05"]

1. e4 c5 2. c3 d5 3. exd5 Qxd5 4. d4 Nc6 5. Nf3 Bg4 6. Be2 Nf6 7. Na3 e6 8. O-O
Be7 9. Nc2 cxd4 10. Ncxd4 O-O 11. h3 Nxd4 12. Nxd4 Bxe2 13. Qxe2 Bc5 14. Be3
Rfd8 15. Rfd1 Qe4 16. Bg5 Bxd4 17. Qxe4 Bxf2+ 18. Kh2 Bg3+ 19. Kxg3 Nxe4+ 20.
Kf4 Nxg5 21. Kxg5 f6+ 22. Kg4 Kf7 23. Kf3 Ke7 24. c4 Rxd1 25. Rxd1 Rd8 26. Rb1
Rd4 27. b3 Kd6 28. Ke3 e5 29. Rc1 a5 30. a3 Kc5 31. b4+ axb4 32. axb4+ Kc6 33.
g3 b6 34. h4 g6 35. Kf3 f5 36. Ke3 h6 37. Rc2 Rd1 38. c5 Rd5 39. b5+ Kxb5 40.
c6 Rd8 41. c7 Rc8 42. Kf3 h5 43. Ke3 Ka5 44. Rc6 b5 45. Rxg6 Rxc7 46. Rf6 b4
47. Rxf5 b3 48. Rxe5+ Kb4 49. Kf4 b2 50. Re1 Rg7 51. Re8 Rg4+ 52. Ke3 Kb3 53.
Kf3 b1=Q 54. Rb8+ Rb4 0-1

[Event "Benidorm 2012 - Nuevas Generaciones s12"]
[Site "Benidorm ESP"]
[Date "2012.12.08"]
[Round "6.3"]
[White "Sanchez Serrano, Emilio"]
[Black "Lianes Garcia, Marcos"]
[Result "1-0"]
[WhiteElo "1611"]
[BlackElo "1719"]
[PlyCount "139"]
[EventDate "2012.12.05"]
[EventType "swiss"]
[EventRounds "7"]
[EventCountry "ESP"]
[Source "lmi"]
[SourceDate "2012.12.05"]

1. Nf3 Nf6 2. d4 g6 3. c4 Bg7 4. Nc3 d6 5. e4 O-O 6. Be2 c6 7. O-O Nbd7 8. h3
e5 9. Be3 Qc7 10. d5 Re8 11. Rc1 Nf8 12. b4 Rd8 13. a4 Kh8 14. Qb3 Ng8 15. Nd2
f5 16. f3 f4 17. Bf2 Bf6 18. Rfd1 Qe7 19. dxc6 bxc6 20. c5 dxc5 21. Bxc5 Qg7
22. Nf1 Rxd1 23. Rxd1 Ne6 24. Bc4 Nxc5 25. bxc5 Be7 26. Kh1 Nf6 27. Be6 Ba6 28.
Qb4 Qf8 29. Qa5 Bxf1 30. Rxf1 Bxc5 31. Qc7 Qd6 32. Qxd6 Bxd6 33. Rb1 Rb8 34.
Rd1 Be7 35. Bd7 Rd8 36. Bxc6 Rc8 37. Nd5 Rxc6 38. Nxe7 Ra6 39. Ra1 Nd7 40. Nd5
Nb6 41. Nc3 Kg7 42. Kg1 Kf6 43. Kf2 Ke6 44. Ke2 Kd6 45. Kd3 Kc5 46. a5 Nd7 47.
Nd5 Nf6 48. Rc1+ Kd6 49. Nxf6 Rxa5 50. Nxh7 Ra3+ 51. Rc3 Ra2 52. Rc2 Ra4 53.
Nf6 Ra3+ 54. Kd2 Ra4 55. Nd5 Rd4+ 56. Kc3 Ra4 57. Kb3 Rd4 58. Ra2 Rd3+ 59. Nc3
Ke6 60. Rxa7 Rd2 61. Ra2 Rd8 62. Ra6+ Kf7 63. Nd5 Rb8+ 64. Rb6 Ra8 65. Rf6+ Kg7
66. Re6 Rb8+ 67. Kc3 Rc8+ 68. Kd3 Ra8 69. Rxe5 Ra3+ 70. Ke2 1-0

[Event "Benidorm 2012 - Nuevas Generaciones s12"]
[Site "Benidorm ESP"]
[Date "2012.12.08"]
[Round "6.4"]
[White "Garcia Sancho, Josep"]
[Black "Martinez Fernandez, Adrian"]
[Result "0-1"]
[WhiteElo "1663"]
[BlackElo "1588"]
[PlyCount "103"]
[EventDate "2012.12.05"]
[EventType "swiss"]
[EventRounds "7"]
[EventCountry "ESP"]
[Source "lmi"]
[SourceDate "2012.12.05"]

1. d4 d5 2. c4 e6 3. Nf3 Nf6 4. g3 dxc4 5. Bg2 c5 6. Qa4+ Nc6 7. dxc5 Qa5+ 8.
Qxa5 Nxa5 9. Bd2 Nc6 10. Na3 Bxc5 11. Nxc4 Nd5 12. O-O O-O 13. Rac1 b6 14. Nfe5
Nxe5 15. Nxe5 Bd4 16. Nd3 Ba6 17. Bxd5 exd5 18. Bc3 Bxc3 19. Rxc3 Rfe8 20. e3
Rac8 21. Rfc1 Rxc3 22. Rxc3 Rc8 23. Rxc8+ Bxc8 24. Nf4 Bb7 25. Kf1 g5 26. Nd3
f6 27. Ke2 Kf7 28. Nc1 Ke6 29. Kd3 Kf5 30. f3 Ke5 31. Nb3 Ba6+ 32. Kd2 Bc8 33.
Nd4 Bd7 34. Kd3 a6 35. f4+ gxf4 36. exf4+ Kd6 37. b4 h5 38. Nf3 Kc6 39. Nd4+
Kd6 40. Ne2 Bb5+ 41. Ke3 Bxe2 42. Kxe2 a5 43. bxa5 bxa5 44. Kd3 Kc5 45. h3 f5
46. Kc3 d4+ 47. Kd3 Kd5 48. a4 Kc5 49. g4 fxg4 50. hxg4 hxg4 51. f5 g3 52. f6
0-1

[Event "Benidorm 2012 - Nuevas Generaciones s12"]
[Site "Benidorm ESP"]
[Date "2012.12.08"]
[Round "6.6"]
[White "Zapata Caparros, Sergio"]
[Black "Lacruz Algarate, Alvaro"]
[Result "0-1"]
[WhiteElo "1654"]
[BlackElo "1575"]
[PlyCount "44"]
[EventDate "2012.12.05"]
[EventType "swiss"]
[EventRounds "7"]
[EventCountry "ESP"]
[Source "lmi"]
[SourceDate "2012.12.05"]

1. d4 e6 2. c4 d5 3. Nc3 Nf6 4. cxd5 exd5 5. Bg5 Be7 6. e3 Bf5 7. Qb3 Nbd7 8.
Nxd5 Nxd5 9. Qxd5 Bb4+ 10. Kd1 Qxg5 11. Qxb7 Rb8 12. Qxc7 O-O 13. Qg3 Qf6 14.
Nf3 Bd6 15. Qh4 Qg6 16. b3 Rfc8 17. Bc4 Rxc4 18. bxc4 Qxg2 19. Ke2 Bg4 20. Rab1
Qxf3+ 21. Kd2 Bb4+ 22. Rxb4 Rxb4 0-1

[Event "Benidorm 2012 - Nuevas Generaciones s12"]
[Site "Benidorm ESP"]
[Date "2012.12.08"]
[Round "6.7"]
[White "Jimenez Lozano, Francisco Javi"]
[Black "Redondo Benavente, Ana"]
[Result "1-0"]
[WhiteElo "1642"]
[BlackElo "1528"]
[PlyCount "69"]
[EventDate "2012.12.05"]
[EventType "swiss"]
[EventRounds "7"]
[EventCountry "ESP"]
[Source "lmi"]
[SourceDate "2012.12.05"]

1. e4 e5 2. Nf3 Nc6 3. Bc4 Be7 4. O-O Nf6 5. Re1 O-O 6. Bb5 d6 7. Bxc6 bxc6 8.
c3 Bg4 9. d4 exd4 10. cxd4 Qd7 11. Nbd2 Rfe8 12. Nf1 d5 13. e5 Ne4 14. Ng3 Nxg3
15. fxg3 c5 16. Be3 cxd4 17. Bxd4 Bb4 18. Bc3 Bc5+ 19. Bd4 Bb4 20. Re2 Qf5 21.
Rc2 Rac8 22. Rac1 Ba5 23. Rc5 Bb6 24. Rxd5 Qe6 25. Bxb6 axb6 26. Qd4 Bxf3 27.
gxf3 c6 28. Rd6 Qxa2 29. Rdxc6 Rcd8 30. Qxb6 Qd5 31. Rd6 Rxd6 32. exd6 Qa8 33.
d7 Rd8 34. Qxd8+ Qxd8 35. Rc8 1-0

[Event "Benidorm 2012 - Nuevas Generaciones s12"]
[Site "Benidorm ESP"]
[Date "2012.12.08"]
[Round "6.8"]
[White "Villacorta Nicolas, David"]
[Black "Tevar Becerra, Alvaro"]
[Result "1-0"]
[WhiteElo "1495"]
[BlackElo "1614"]
[PlyCount "83"]
[EventDate "2012.12.05"]
[EventType "swiss"]
[EventRounds "7"]
[EventCountry "ESP"]
[Source "lmi"]
[SourceDate "2012.12.05"]

1. e4 e5 2. Nc3 Nf6 3. Bc4 Bc5 4. d3 Nc6 5. f4 d6 6. Nf3 exf4 7. Bxf4 Bg4 8. h3
Bxf3 9. Qxf3 Nd4 10. Qd1 a6 11. Ne2 Nh5 12. Bh2 Qh4+ 13. Kd2 Qg5+ 14. Kc3 Qe3
15. Nxd4 Qxd4+ 16. Kb3 a5 17. c3 Qf2 18. a4 Nf6 19. Qf1 Qh4 20. Qf4 Qh5 21. e5
Nd7 22. exd6 Bxd6 23. Qe4+ Be7 24. d4 Kd8 25. Rhf1 f6 26. Bxc7+ Kxc7 27. Qxe7
Rae8 28. Qf7 Qg5 29. Bb5 Rd8 30. Qc4+ Kb8 31. Bxd7 Rxd7 32. Qe2 Rd6 33. Rae1
Rhd8 34. g4 Qh4 35. Qg2 Qg5 36. Rf5 Qg6 37. Re7 Rb6+ 38. Ka3 h5 39. Qg3+ Rbd6
40. Rb5 Ka8 41. Rxa5+ Kb8 42. Rb5 1-0

[Event "Benidorm 2012 - Nuevas Generaciones s12"]
[Site "Benidorm ESP"]
[Date "2012.12.08"]
[Round "6.9"]
[White "Cabrera Valverde, Cristina"]
[Black "Estefano Rilova, Fernando"]
[Result "1-0"]
[WhiteElo "1599"]
[BlackElo "1518"]
[PlyCount "92"]
[EventDate "2012.12.05"]
[EventType "swiss"]
[EventRounds "7"]
[EventCountry "ESP"]
[Source "lmi"]
[SourceDate "2012.12.05"]

1. e4 c5 2. Nf3 e6 3. d4 cxd4 4. Nxd4 a6 5. Be3 Qc7 6. a3 Nf6 7. Nc3 b5 8. Bd3
Bb7 9. f3 d6 10. O-O Nbd7 11. f4 Nc5 12. Qf3 Nxd3 13. cxd3 h5 14. h3 g6 15.
Rac1 Qe7 16. Qf2 Bh6 17. Bd2 Nd7 18. b4 e5 19. Nde2 f5 20. Rce1 Rf8 21. Qg3 Qg7
22. Bc1 fxe4 23. Nxe4 Bxe4 24. dxe4 exf4 25. Nxf4 Bxf4 26. Bxf4 Ne5 27. Bxe5
dxe5 28. Rxf8+ Kxf8 29. Rf1+ Ke7 30. Qc3 Rd8 31. Qc5+ Ke6 32. Qc6+ Ke7 33. Qxa6
Qh6 34. Qa7+ Rd7 35. Qc5+ Ke6 36. Qc6+ Ke7 37. Qf6+ Ke8 38. Qxe5+ Kd8 39. Kh1
h4 40. Qb8+ Ke7 41. Qxb5 Ke6 42. Qc6+ Ke7 43. e5 Rd2 44. e6 Rd6 45. Qc7+ Kxe6
46. Re1+ Kd5 1-0

[Event "Benidorm 2012 - Nuevas Generaciones s12"]
[Site "Benidorm ESP"]
[Date "2012.12.08"]
[Round "6.11"]
[White "Baquedano Coarasa, Pablo"]
[Black "Tarraga Navarro, Pablo"]
[Result "1/2-1/2"]
[WhiteElo "1588"]
[BlackElo "1502"]
[PlyCount "54"]
[EventDate "2012.12.05"]
[EventType "swiss"]
[EventRounds "7"]
[EventCountry "ESP"]
[Source "lmi"]
[SourceDate "2012.12.05"]

1. d4 d5 2. c4 e6 3. Nc3 Nf6 4. Bg5 Nbd7 5. Nf3 Be7 6. e3 c6 7. Bd3 dxc4 8.
Bxc4 b5 9. Bd3 Bb7 10. O-O a6 11. Rc1 Rc8 12. Qe2 O-O 13. Rfd1 Re8 14. Qc2 h6
15. Bh4 Qb6 16. Nd2 c5 17. dxc5 Nxc5 18. Nb3 Nxd3 19. Qxd3 Rcd8 20. Qe2 Rxd1+
21. Rxd1 Nd5 22. Bxe7 Rxe7 23. Nxd5 Bxd5 24. Qd3 Rd7 25. Rc1 Rc7 26. Qd2 Rxc1+
27. Nxc1 Qc7 1/2-1/2

[Event "Benidorm 2012 - Nuevas Generaciones s12"]
[Site "Benidorm ESP"]
[Date "2012.12.09"]
[Round "7.1"]
[White "Martinez Fernandez, Adrian"]
[Black "Perez Garcia, Alejandro"]
[Result "0-1"]
[WhiteElo "1588"]
[BlackElo "1927"]
[PlyCount "80"]
[EventDate "2012.12.05"]
[EventType "swiss"]
[EventRounds "7"]
[EventCountry "ESP"]
[Source "lmi"]
[SourceDate "2012.12.05"]

1. e4 c5 2. c3 Nf6 3. e5 Nd5 4. d4 cxd4 5. cxd4 d6 6. Bc4 Nb6 7. Bb3 dxe5 8.
dxe5 Qxd1+ 9. Kxd1 Nc6 10. f4 Nd4 11. Nc3 Nxb3 12. axb3 Be6 13. Kc2 Bf5+ 14.
Kd1 O-O-O+ 15. Bd2 a6 16. Nf3 e6 17. Nh4 Bg4+ 18. Kc2 Be7 19. h3 Bh5 20. Nf3
Bg6+ 21. Kc1 Nd5 22. Rd1 Nb4 23. Ne1 Rd7 24. Na2 Rc7+ 25. Bc3 Nxa2+ 26. Rxa2
Bb4 27. Rd4 Bc5 28. Rc4 b5 29. Rxc5 Rxc5 30. b4 Rc6 31. Nf3 Rd8 32. Nd2 Bd3 33.
Nb3 Bc4 34. Na5 Rc7 35. Nxc4 Rxc4 36. Rxa6 Rxf4 37. Ra8+ Kc7 38. Ra5 Kc6 39.
Ra7 Rd7 40. Ra6+ Kb7 0-1

[Event "Benidorm 2012 - Nuevas Generaciones s12"]
[Site "Benidorm ESP"]
[Date "2012.12.09"]
[Round "7.2"]
[White "Orantes Taboada, Francisco"]
[Black "Sanchez Serrano, Emilio"]
[Result "1-0"]
[WhiteElo "1727"]
[BlackElo "1611"]
[PlyCount "91"]
[EventDate "2012.12.05"]
[EventType "swiss"]
[EventRounds "7"]
[EventCountry "ESP"]
[Source "lmi"]
[SourceDate "2012.12.05"]

1. e4 e6 2. d4 d5 3. e5 c5 4. c3 Nc6 5. Nf3 Qb6 6. a3 c4 7. Nbd2 Na5 8. g3 Bd7
9. h4 Nb3 10. Nxb3 Ba4 11. Nfd2 Be7 12. Bh3 O-O-O 13. Qf3 Bxb3 14. Nxb3 Qxb3
15. Qxf7 Qc2 16. Qxe6+ Kb8 17. Qf5 Qa4 18. O-O Qe8 19. Qg4 Qf7 20. Qe6 Qf8 21.
Bg2 Nh6 22. Bxd5 Nf5 23. Qf7 Qxf7 24. Bxf7 b5 25. Be6 g6 26. Bxf5 gxf5 27. Bf4
Rhg8 28. Kh1 Rg6 29. Rg1 Re6 30. Rad1 Rd5 31. Kg2 Kc7 32. Kh3 h5 33. f3 Rg6 34.
Rg2 Rd8 35. Re2 Kc6 36. e6 Rd5 37. Rde1 Rg8 38. Re5 Rf8 39. Rxd5 Kxd5 40. Bg5
Bd6 41. e7 Re8 42. g4 fxg4+ 43. fxg4 hxg4+ 44. Kxg4 Kc6 45. h5 Kd7 46. h6 1-0

[Event "Benidorm 2012 - Nuevas Generaciones s12"]
[Site "Benidorm ESP"]
[Date "2012.12.09"]
[Round "7.3"]
[White "Soto Martin, Pablo"]
[Black "Cabrera Valverde, Cristina"]
[Result "1/2-1/2"]
[WhiteElo "1698"]
[BlackElo "1599"]
[PlyCount "103"]
[EventDate "2012.12.05"]
[EventType "swiss"]
[EventRounds "7"]
[EventCountry "ESP"]
[Source "lmi"]
[SourceDate "2012.12.05"]

1. e4 Nf6 2. e5 Nd5 3. d4 d6 4. c4 Nb6 5. exd6 exd6 6. Nc3 Be7 7. Bd3 Nc6 8.
Nge2 Bg4 9. f3 Bh5 10. b3 O-O 11. O-O Bf6 12. Be3 Bg6 13. Re1 Re8 14. Qd2 d5
15. c5 Nc8 16. Bxg6 hxg6 17. Nf4 N8e7 18. Bf2 Qd7 19. Rad1 Rad8 20. Nce2 Nf5
21. b4 b5 22. a3 a6 23. Ra1 Ra8 24. Ra2 a5 25. Rea1 a4 26. Qd3 Rab8 27. Rd2 Bg5
28. Rdd1 Bf6 29. Rac1 Bg5 30. Rc2 Bf6 31. Qc3 Rbd8 32. Nd3 g5 33. Ndc1 Re7 34.
Na2 Rde8 35. Qd3 Na7 36. Nac3 c6 37. Ng3 Ne3 38. Bxe3 Rxe3 39. Qd2 g6 40. Rcc1
Qe7 41. Kf2 Nc8 42. h3 Bg7 43. Nge2 Bf6 44. Qc2 g4 45. hxg4 Bg5 46. Rb1 Bh4+
47. g3 Bg5 48. Rh1 Bf6 49. Rhd1 Bg5 50. Rh1 Bf6 51. Rhd1 Bg5 52. Rh1 1/2-1/2

[Event "Benidorm 2012 - Nuevas Generaciones s12"]
[Site "Benidorm ESP"]
[Date "2012.12.09"]
[Round "7.4"]
[White "Gonzalvez Tamarit, Ivan"]
[Black "Aledo Yanguas, Javier"]
[Result "0-1"]
[WhiteElo "1590"]
[BlackElo "1653"]
[PlyCount "78"]
[EventDate "2012.12.05"]
[EventType "swiss"]
[EventRounds "7"]
[EventCountry "ESP"]
[Source "lmi"]
[SourceDate "2012.12.05"]

1. d4 d5 2. c4 c6 3. Nf3 Nf6 4. Nc3 e6 5. e3 Nbd7 6. Bd3 dxc4 7. Bxc4 b5 8. Bb3
Bb7 9. O-O Be7 10. e4 a6 11. e5 Nd5 12. Nxd5 cxd5 13. Bc2 Rc8 14. Bf4 a5 15.
Rc1 Ba6 16. Bd3 Nb6 17. b3 Ba3 18. Rxc8 Qxc8 19. Bc1 Bxc1 20. Qxc1 O-O 21. Qd2
b4 22. Rc1 Qb7 23. Kf1 Rc8 24. Rxc8+ Nxc8 25. Bxa6 Qxa6+ 26. Ke1 Na7 27. Ng1
Nc6 28. Ne2 h6 29. f4 a4 30. Qc2 axb3 31. Qxb3 Qb6 32. Qb2 Qa5 33. Kd1 Qb5 34.
Qc2 Qc4 35. Qb3 Na5 36. Qc2 Kf8 37. Kd2 b3 38. Qxc4 Nxc4+ 39. Kc3 bxa2 0-1

[Event "Benidorm 2012 - Nuevas Generaciones s12"]
[Site "Benidorm ESP"]
[Date "2012.12.09"]
[Round "7.5"]
[White "Lacruz Algarate, Alvaro"]
[Black "Jimenez Lozano, Francisco Javi"]
[Result "0-1"]
[WhiteElo "1575"]
[BlackElo "1642"]
[PlyCount "150"]
[EventDate "2012.12.05"]
[EventType "swiss"]
[EventRounds "7"]
[EventCountry "ESP"]
[Source "lmi"]
[SourceDate "2012.12.05"]

1. e4 e5 2. Nf3 Nc6 3. Bc4 Bc5 4. c3 Nf6 5. d3 d6 6. Bb3 O-O 7. Nbd2 Bg4 8. h3
Bh5 9. Nf1 d5 10. Qe2 dxe4 11. dxe4 Bg6 12. Ng3 Qe7 13. O-O Rad8 14. Bc2 h6 15.
Nh4 Rd7 16. Nhf5 Qd8 17. Qf3 Kh7 18. h4 Bxf5 19. Nxf5 Ng8 20. Qg3 g6 21. Ne3
Bxe3 22. Bxe3 f5 23. Bc5 f4 24. Qh3 Rff7 25. Rad1 Nf6 26. f3 Nh5 27. Bb3 Ng3
28. Rfe1 Rg7 29. Rd5 b6 30. Red1 Rxd5 31. Rxd5 Qf6 32. Bf2 Ne2+ 33. Kf1 Ng3+
34. Bxg3 fxg3 35. Rd7 Rxd7 36. Qxd7+ Ne7 37. Qg4 Qf4 38. Qxf4 exf4 39. Ke2 Kg7
40. Kd3 Kf6 41. Kd4 Nc6+ 42. Kd3 Ne5+ 43. Ke2 c5 44. Bd5 g5 45. hxg5+ Kxg5 46.
Be6 h5 47. b3 h4 48. Bc8 Kf6 49. Bf5 b5 50. Bc8 Ke7 51. Ba6 b4 52. cxb4 cxb4
53. Bb5 Kd6 54. Ke1 Kc5 55. Bf1 Kd4 56. Kd2 h3 57. gxh3 Nxf3+ 58. Ke2 Nh4 59.
e5 Kxe5 60. Ke1 g2 61. Bxg2 Nxg2+ 62. Kf2 Nh4 63. Ke2 Kd4 64. Kf2 Kc3 65. Ke2
Kb2 66. Kd3 Kxa2 67. Ke4 f3 68. Ke3 Kxb3 69. Kf2 Kc2 70. Ke1 b3 71. Kf2 b2 72.
Kg3 b1=Q 73. Kf2 Kd3 74. Kg3 Qe1+ 75. Kh2 Qf2+ 0-1

[Event "Benidorm 2012 - Nuevas Generaciones s12"]
[Site "Benidorm ESP"]
[Date "2012.12.09"]
[Round "7.6"]
[White "Munoz Pelaez, Manuel"]
[Black "Villacorta Nicolas, David"]
[Result "1-0"]
[WhiteElo "1818"]
[BlackElo "1495"]
[PlyCount "57"]
[EventDate "2012.12.05"]
[EventType "swiss"]
[EventRounds "7"]
[EventCountry "ESP"]
[Source "lmi"]
[SourceDate "2012.12.05"]

1. e4 e5 2. Nf3 Nc6 3. Bb5 Bc5 4. O-O Nd4 5. Nxd4 Bxd4 6. c3 Bb6 7. d4 c6 8.
Ba4 d6 9. Qd3 Nf6 10. Bg5 O-O 11. f4 h6 12. Bxf6 Qxf6 13. fxe5 Qxe5 14. Kh1 Qg5
15. Nd2 Bg4 16. Bc2 Qg6 17. h3 Be6 18. Nf3 Rad8 19. Qd2 Qh5 20. Qd3 Qg6 21. Nh4
Qg5 22. Nf5 Bxf5 23. Rxf5 Qg6 24. Raf1 Kh8 25. Qd2 Qe6 26. e5 dxe5 27. Rf6 Rxd4
28. cxd4 Qxf6 29. Rxf6 1-0

[Event "Benidorm 2012 - Nuevas Generaciones s12"]
[Site "Benidorm ESP"]
[Date "2012.12.09"]
[Round "7.7"]
[White "Lianes Garcia, Marcos"]
[Black "Guerrero Mendez, Jesus"]
[Result "1-0"]
[WhiteElo "1719"]
[BlackElo "1431"]
[PlyCount "43"]
[EventDate "2012.12.05"]
[EventType "swiss"]
[EventRounds "7"]
[EventCountry "ESP"]
[Source "lmi"]
[SourceDate "2012.12.05"]

1. d4 e6 2. c4 Bb4+ 3. Nc3 Nf6 4. Bd2 O-O 5. Nf3 d6 6. e3 Qe7 7. Bd3 e5 8. dxe5
dxe5 9. Qc2 Nbd7 10. Be2 Re8 11. O-O h6 12. Nb5 Bd6 13. Rfd1 e4 14. Nfd4 c6 15.
Nxd6 Qxd6 16. Bc3 Qe7 17. Nf5 Qe6 18. Nd6 Re7 19. h3 Ne8 20. Bg4 Qg6 21. Nxc8
f5 22. Nxe7+ 1-0

[Event "Benidorm 2012 - Nuevas Generaciones s12"]
[Site "Benidorm ESP"]
[Date "2012.12.09"]
[Round "7.8"]
[White "Laosa Ruano, Miguel"]
[Black "Garcia Sancho, Josep"]
[Result "1/2-1/2"]
[WhiteElo "1509"]
[BlackElo "1663"]
[PlyCount "82"]
[EventDate "2012.12.05"]
[EventType "swiss"]
[EventRounds "7"]
[EventCountry "ESP"]
[Source "lmi"]
[SourceDate "2012.12.05"]

1. e4 c5 2. Nf3 Nc6 3. d4 cxd4 4. Nxd4 g6 5. Nc3 Bg7 6. Be3 Nf6 7. f3 O-O 8.
Qd2 d6 9. g4 Bd7 10. h4 Ne8 11. h5 Nxd4 12. Bxd4 Bxd4 13. Qxd4 e6 14. Qd2 Qf6
15. f4 Bc6 16. O-O-O Rc8 17. Bd3 Nc7 18. Qh2 Qe7 19. Ne2 d5 20. Nd4 Ba4 21.
exd5 Nxd5 22. hxg6 fxg6 23. Bxg6 Rc7 24. Nxe6 Qxe6 25. Bxh7+ Kg7 26. Rxd5 Qxd5
27. Qh6+ Kf7 28. Qg6+ Ke7 29. Re1+ Kd8 30. Rd1 Qxd1+ 31. Kxd1 Rd7+ 32. Ke2 Re8+
33. Kf2 Rd2+ 34. Kg3 Bd7 35. Qf6+ Re7 36. Qg5 Rde2 37. Qg8+ Kc7 38. Qc4+ Kb8
39. Bd3 R2e3+ 40. Kh4 Rg7 41. f5 a6 1/2-1/2